000 nam a22 7a 4500
999 _c2902
_d2902
005 20171016115015.0
008 171016b mx ||||| |||| 00| 0 spa d
050 0 4 _aJL1249.P44
_bR65 2008
100 1 _aRoldán Xopa, José
245 1 4 _aLos límites a las remuneraciones de los servidores públicos
_c / José Roldán Xopa, Francisco Zorrilla Mateos
250 _a1a ed.
260 _aMéxico :
_bSenado de la República, LX Legislatura;
_bInstituto Tecnológico Autónomo de México,
_c2008
300 _a140 p. ;
_c22 cm.
_e + 1 CD Rom 4 3/4 plg.
490 0 _aEl Quehacer en la LX Legislatura
490 0 _aAntecedentes y Entorno
504 _aIncluye bibliografía
650 7 _2lemb
_aFuncionarios públicos
_zMéxico
650 7 _2lemb
_aFunción pública
_zMéxico
650 7 _aAdministración pública
_xLegislación
_zMéxico
700 1 _aZorrilla Mateos, Francisco
_eautor
942 _2lcc
_cLIB